Calling Out COVID-19 : Business Strategies for Surviving a 'Pompeii Event'.

This book is written for business owners, entrepreneurs, leadership, or management teams in public or third sector and professionals who are currently dealing with the COVID-19 epidemic. It offers tools and techniques located in the economics of innovation, other frameworks such as the Fraud Triangl...

Full description

Bibliographic Details
Main Author: Sheikh, Faisal.
Other Authors: Iyer, Nigel Krishna., Leigh, Brian., Rubasundram, Geetha A.
Format: eBook
Language:English
Published: New York : Business Expert Press, 2021.
Edition:1st ed.
Subjects:
Online Access:Click to View
LEADER 02724nam a22004693i 4500
001 EBC6579943
003 MiAaPQ
005 20231204023216.0
006 m o d |
007 cr cnu||||||||
008 231204s2021 xx o ||||0 eng d
020 |a 9781637420515  |q (electronic bk.) 
020 |z 9781637420508 
035 |a (MiAaPQ)EBC6579943 
035 |a (Au-PeEL)EBL6579943 
035 |a (OCoLC)1250074800 
040 |a MiAaPQ  |b eng  |e rda  |e pn  |c MiAaPQ  |d MiAaPQ 
050 4 |a HD2741 
082 0 |a 658.42 
100 1 |a Sheikh, Faisal. 
245 1 0 |a Calling Out COVID-19 :  |b Business Strategies for Surviving a 'Pompeii Event'. 
250 |a 1st ed. 
264 1 |a New York :  |b Business Expert Press,  |c 2021. 
264 4 |c Ã2021. 
300 |a 1 online resource (158 pages) 
336 |a text  |b txt  |2 rdacontent 
337 |a computer  |b c  |2 rdamedia 
338 |a online resource  |b cr  |2 rdacarrier 
505 0 |a Cover -- Half-Title -- Title -- Copyright -- Dedication -- Description -- Contents -- Reviews -- Foreword -- Acknowledgments -- Chapter 1: "Pompeii Event": The COVID-19 Catastrophe -- Chapter 2: Innovation 101 -- Chapter 3: Cash Flow Management 101 -- Chapter 4: Fraud 101 -- Chapter 5: Corporate Governance 101 -- Chapter 6: Conclusion -- Appendix -- Bibliography -- About the Authors -- Index -- Adpage -- Backcover. 
520 |a This book is written for business owners, entrepreneurs, leadership, or management teams in public or third sector and professionals who are currently dealing with the COVID-19 epidemic. It offers tools and techniques located in the economics of innovation, other frameworks such as the Fraud Triangle, and the authors extensive experience including rigorous cash management, practical fraud prevention, and detection and advice on implementing and refining corporate governance structures. The book will also be of interest to postgraduate including MBA students and business researchers. 
588 |a Description based on publisher supplied metadata and other sources. 
590 |a Electronic reproduction. Ann Arbor, Michigan : ProQuest Ebook Central, 2023. Available via World Wide Web. Access may be limited to ProQuest Ebook Central affiliated libraries.  
650 0 |a Accounting fraud. 
650 0 |a COVID-19 Pandemic, 2020-. 
650 0 |a Commercial crimes. 
655 4 |a Electronic books. 
700 1 |a Iyer, Nigel Krishna. 
700 1 |a Leigh, Brian. 
700 1 |a Rubasundram, Geetha A. 
776 0 8 |i Print version:  |a Sheikh, Faisal  |t Calling Out COVID-19  |d New York : Business Expert Press,c2021  |z 9781637420508 
797 2 |a ProQuest (Firm) 
856 4 0 |u https://ebookcentral.proquest.com/lib/matrademy/detail.action?docID=6579943  |z Click to View